000
00318nam a22001457a 4500
008
210225b ||||| |||| 00| 0 eng d
020
_a
2900538746952
041
_a
eng
080
_2
11th
_a
336
082
_a
336
100
_a
56
101
_a
FIN
245
_a
Financial Accounting
_c
Albrecht,W.S
942
_2
udc
_c
BK
999
_c
55178
_d
55178